[Event "Pohar mesta Ricany 2010 - cena Klidneho mesta"]
[Site "http://www.openricany.cz"]
[Date "2010.08.26"]
[Round "7.27"]
[White "Cap,Adam"]
[Black "Cervenka,Petr"]
[Result "1-0"]
[WhiteElo "1693"]
[BlackElo "1990"]

1. e4 e6 2. d4 d5 3. Nd2 Nf6 4. e5 Nfd7 5. Bd3 c5 6. c3 Nc6 7. Ne2 cxd4 8. cxd4
f6 9. exf6 Nxf6 10. Nf3 Bd6 11. Bf4 Bb4+ 12. Bd2 O-O 13. O-O Bd6 14. Bf4 Ng4
15. Bxd6 Qxd6 16. Ng3 e5 17. dxe5 Qh6 18. h3 Ngxe5 19. Nxe5 Nxe5 20. Bc2 Be6
21. Bb3 Nc4 22. Bxc4 dxc4 23. Qc2 Rad8 24. Rad1 Rxd1 25. Rxd1 Qf4 26. Re1 Qf7
27. Re5 g6 28. Qe2 Re8 29. Ne4 Qf8 30. Ng5 Bd7 31. Qxc4+ Kg7 32. Rxe8 Qxe8
33. Qd4+ Kg8 34. Ne4 Kf7 35. Nd6+ 1-0

[Event "Pohar mesta Ricany 2010 - cena Klidneho mesta"]
[Site "http://www.openricany.cz"]
[Date "2010.08.26"]
[Round "7.6"]
[White "Hadzala.Daniel"]
[Black "Kohout.Vratislav"]
[Result "1-0"]
[WhiteElo "2105"]
[BlackElo "2199"]

1. Nf3 d5 2. g3 Nf6 3. Bg2 c6 4. d3 Bf5 5. O-O h6 6. c4 e6 7. Qb3 Qb6 8. Qxb6
axb6 9. Nc3 Nbd7 10. cxd5 exd5 11. e4 dxe4 12. dxe4 Be6 13. Nd4 Bc4 14. Rd1 Bc5
15. Nf5 O-O 16. Bf4 Rfd8 17. Bc7 Rdc8 18. Bd6 Rd8 19. b4 Bxd6 20. Nxd6 Be6
21. Nxb7 Rdb8 22. Nd6 Ra3 23. Rac1 Bxa2 24. Nxa2 Rxa2 25. Rxc6 Rb2 26. Nc4 Rxb4
27. e5 Rxc4 28. Rxc4 Nxe5 29. Rc7 Kf8 30. Re1 Ne8 31. Ra7 1-0

[Event "Pohar mesta Ricany 2010 - cena Klidneho mesta"]
[Site "http://www.openricany.cz"]
[Date "2010.08.26"]
[Round "7.16"]
[White "Moravec, Vit"]
[Black "Petras, Milan"]
[Result "1-0"]
[WhiteElo "2065"]
[BlackElo "2018"]

1. e4 e6 2. Nf3 d5 3. e5 c5 4. b4 b6 5. a3 Qd7 6. d4 Ba6 7. Bxa6 Nxa6 8. c3 Nh6
9. Bxh6 gxh6 10. Nbd2 Bg7 11. O-O cxd4 12. cxd4 O-O 13. Qe2 Nc7 14. Rfc1 f6
15. exf6 Bxf6 16. Ne5 Qg7 17. Ndf3 Rae8 18. Rc6 Bg5 19. Ra2 Re7 20. Rac2 Ne8
21. Nd3 Qg6 22. h4 Bf4 23. h5 Qg4 24. Nfe5 Qxe2 25. Rxe2 Ng7 26. g4 Bxe5
27. Nxe5 Rf4 28. Rd2 Ne8 29. Rc8 Rf8 30. Rc6 Kg7 31. a4 Nc7 32. b5 Rd8 33. Kg2
Ne8 34. Rdc2 Nd6 35. Rc7 Re8 36. f3 Kf6 37. Kg3 Rg8 38. Rxe7 Kxe7 39. Rc7+ Kf6
40. Kf4 Rg7 41. Nd7+ Ke7 42. Nc5+ Kf6 43. Rxg7 Kxg7 44. Nxe6+ Kf7 45. Nc7 Nc4
46. Nxd5 Ke6 47. Nc3 Kf6 48. Ke4 Ke6 49. f4 Nd2+ 50. Ke3 Nc4+ 51. Kd3 Nb2+
52. Ke4 Nc4 53. d5+ Kf6 54. Kd4 Nb2 55. Ne4+ Ke7 56. d6+ Kd7 57. g5 hxg5
58. fxg5 Nxa4 59. g6 hxg6 60. h6 1-0

[Event "Pohar mesta Ricany 2010 - cena Klidneho mesta"]
[Site "http://www.openricany.cz"]
[Date "2010.08.26"]
[Round "7.35"]
[White "Berg, Antonin"]
[Black "Agacinski, Tadeusz"]
[Result "1-0"]
[WhiteElo "1842"]
[BlackElo "2063"]

1. e4 e5 2. Nf3 Nc6 3. Bb5 a6 4. Ba4 Nf6 5. d3 d6 6. c3 Be7 7. Nbd2 b5 8. Bc2
O-O 9. Nf1 Bg4 10. h3 Bxf3 11. Qxf3 Re8 12. Ne3 g6 13. g4 Qd7 14. g5 Nh5 15. Nd5
Rab8 16. Qg2 Nd8 17. Bd1 Ng7 18. h4 c6 19. Nxe7+ Qxe7 20. h5 gxh5 21. Bxh5 Nde6
22. Bg4 Nf4 23. Bxf4 exf4 24. O-O-O Qxg5 25. Qh3 h5 26. Bd7 Re5 27. Bxc6 Rc5
28. Rdg1 Qf6 29. Bd5 Rbc8 30. Qxh5 Rxc3+ 31. Kb1 Kf8 32. Qh8+ Ke7 33. Qxg7 Rc1+
34. Rxc1 Rxc1+ 35. Rxc1 Qxg7 36. Rc7+ Kf6 37. Rxf7+ Qxf7 38. Bxf7 Kxf7 39. Kc2
Ke6 40. d4 Kf6 41. Kd3 Ke6 42. d5+ Ke5 43. b4 Kf6 44. Kd4 Kg5 45. e5 Kg4
46. exd6 Kf3 47. d7 Kxf2 48. d8=Q f3 49. Kd3 Kg2 50. Qg5+ Kf1 51. Ke3 f2 52. Qg3
1-0

[Event "Pohar mesta Ricany 2010 - cena Klidneho mesta"]
[Site "http://www.openricany.cz"]
[Date "2010.08.26"]
[Round "7.17"]
[White "Macek, Kamil"]
[Black "Matejovsky, Ondrej"]
[Result "0-1"]
[WhiteElo "1953"]
[BlackElo "2037"]

1. e4 e5 2. Nf3 Nf6 3. Nxe5 d6 4. Nf3 Nxe4 5. d4 d5 6. Bd3 Bd6 7. O-O O-O 8. c4
c6 9. Qc2 Be6 10. c5 Bc7 11. Nc3 f5 12. Re1 Nd7 13. Ne2 Ndf6 14. Bf4 Ng4 15. Rf1
h6 16. h3 Ngf6 17. Bxc7 Qxc7 18. Ne5 Nd7 19. f4 Rf6 20. Nf3 Bf7 21. b4 Bh5
22. Bxe4 fxe4 23. Ne5 Bxe2 24. Qxe2 Nf8 25. Qe3 Ng6 26. g3 Raf8 27. Kg2 Nxe5
28. fxe5 Rf3 29. Rxf3 Rxf3 30. Qe2 Rd3 31. Rd1 Ra3 32. Qb2 Rf3 33. Rf1 Qf7
34. Qe2 Rxf1 35. Qxf1 Qh5 36. g4 Qg5 37. Qf2 h5 38. Kg3 a6 39. Qf5 h4+ 40. Kg2
Qd2+ 41. Kf1 Qd1+ 42. Kg2 Qd2+ 43. Kf1 Qd3+ 44. Ke1 Qe3+ 45. Kf1 Qxh3+ 46. Kg1
Qg3+ 47. Kf1 Qd3+ 48. Ke1 Qb1+ 49. Kf2 Qxa2+ 50. Ke3 Qb3+ 51. Ke2 Qd3+ 52. Ke1
Qe3+ 53. Kf1 Qh3+ 54. Kg1 Qg3+ 55. Kf1 h3 56. Qc8+ Kh7 57. Qf5+ g6 58. Qf7+ Kh6
59. Qf8+ Kg5 60. Qf6+ Kxg4 61. Qxg6+ Kf3 62. Qh5+ Ke3 63. Qe2+ Kxd4 64. Qb2+ Kc4
65. Qc2+ Kb5 0-1

[Event "Pohar mesta Ricany 2010 - cena Klidneho mesta"]
[Site "http://www.openricany.cz"]
[Date "2010.08.26"]
[Round "7.20"]
[White "Umanec, Filip"]
[Black "Rut, Vojtech"]
[Result "1-0"]
[WhiteElo "2225"]
[BlackElo "1972"]

1. e4 c5 2. Nf3 e6 3. c3 d5 4. exd5 Qxd5 5. d4 Nf6 6. Be3 Nbd7 7. Na3 a6 8. c4
Qe4 9. Bd3 Qg4 10. h3 Qxg2 11. Rh2 1-0

[Event "Pohar mesta Ricany 2010 - cena Klidneho mesta"]
[Site "http://www.openricany.cz"]
[Date "2010.08.26"]
[Round "7.45"]
[White "Minasjan, Garegin"]
[Black "Havlicek, Pavel"]
[Result "1-0"]
[WhiteElo "1841"]
[BlackElo "1810"]

1. e4 e5 2. Nf3 Nc6 3. Nc3 Nf6 4. d4 exd4 5. Nd5 d6 6. Nxd4 Nxd4 7. Qxd4 Nxd5
8. exd5 Qe7+ 9. Be3 Qe5 10. Bb5+ Bd7 11. Bxd7+ Kxd7 12. Qa4+ Kc8 13. O-O-O Be7
14. Qg4+ 1-0

[Event "Pohar mesta Ricany 2010 - cena Klidneho mesta"]
[Site "http://www.openricany.cz"]
[Date "2010.08.26"]
[Round "7.38"]
[White "Skokan, Frantisek"]
[Black "Pech, Hynek"]
[Result "1/2-1/2"]
[WhiteElo "1903"]
[BlackElo "1800"]

1. e4 e5 2. Nf3 Nc6 3. Bc4 Bc5 4. c3 Nf6 5. d3 O-O 6. b4 Be7 7. O-O d6 8. h3
Be6 9. Bxe6 fxe6 10. Qb3 Qd7 11. Re1 Kh8 12. Nbd2 Nh5 13. d4 Nf4 14. dxe5 Nd3
15. Re2 Ncxe5 16. Nxe5 Nxe5 17. Nf1 Bh4 18. Be3 Ng6 19. g3 Be7 20. Rd1 e5
21. Kg2 b6 22. a4 a5 1/2-1/2

[Event "Pohar mesta Ricany 2010 - cena Klidneho mesta"]
[Site "http://www.openricany.cz"]
[Date "2010.08.26"]
[Round "7.33"]
[White "Skalicky, Tomas"]
[Black "Sochorova, Jana"]
[Result "1/2-1/2"]
[WhiteElo "1809"]
[BlackElo "1919"]

1. e4 c6 2. d4 d5 3. Nc3 dxe4 4. Nxe4 Bf5 5. Ng3 Bg6 6. h4 h6 7. Nf3 Nd7 8. Bd3
Bxd3 9. Qxd3 Ngf6 10. Bf4 e6 11. Ne5 Nxe5 12. Bxe5 Bd6 13. Bxd6 Qxd6 14. O-O-O
O-O-O 15. Kb1 Rd7 16. Qf3 Rhd8 17. Kc1 Qd5 18. Qxd5 Rxd5 19. c3 Ng4 20. Rhf1 g6
21. Rde1 h5 22. f3 Nh6 23. Ne4 Nf5 24. g3 Kc7 25. Rh1 Nh6 1/2-1/2

[Event "Pohar mesta Ricany 2010 - cena Klidneho mesta"]
[Site "http://www.openricany.cz"]
[Date "2010.08.26"]
[Round "7.42"]
[White "Martinec, Jan"]
[Black "Feierfeil, Jiri"]
[Result "1-0"]
[WhiteElo "1832"]
[BlackElo "1932"]

1. e4 c5 2. Nf3 d6 3. d4 cxd4 4. Nxd4 Nf6 5. Nc3 a6 6. Be2 e6 7. Be3 Be7 8. f4
Qc7 9. O-O O-O 10. Bf3 Nc6 11. Nb3 Rb8 12. g4 b5 13. g5 Nd7 14. h4 Bb7 15. Qd2
Rfd8 16. Rad1 Nb6 17. Qh2 b4 18. Ne2 Nc4 19. Bc1 e5 20. f5 Qb6+ 21. Kh1 Ne3
22. Bxe3 Qxe3 23. Rd3 Qb6 24. f6 Bf8 25. fxg7 Bxg7 26. Bh5 Rd7 27. Ng3 Nd8
28. Qf2 Qxf2 29. Rxf2 Ne6 30. Bg4 Rc8 31. Na5 Ba8 32. Rfd2 Bf8 33. b3 Rc3
34. Nc4 Rxd3 35. Rxd3 Rc7 36. Bf5 Nd4 37. Kh2 h6 38. Nh5 hxg5 39. Nf6+ Kh8
40. hxg5 Nxf5 41. exf5 Bc6 42. Rh3+ Bh6 43. Rxh6+ Kg7 44. Nxd6 Bb5 1-0

[Event "Pohar mesta Ricany 2010 - cena Klidneho mesta"]
[Site "http://www.openricany.cz"]
[Date "2010.08.26"]
[Round "7.5"]
[White "Haman, Jakub"]
[Black "Vojta, Pavel"]
[Result "1-0"]
[WhiteElo "1968"]
[BlackElo "2168"]

1. e4 e6 2. d4 d5 3. Nd2 c5 4. Ngf3 Nc6 5. exd5 Qxd5 6. Bc4 Qd8 7. dxc5 Bxc5
8. O-O Nf6 9. Qe2 O-O 10. Nb3 Bd6 11. Bg5 h6 12. Bh4 Be7 13. Rad1 Nd5 14. Bg3
Bf6 15. Bd3 Qb6 16. c4 Nde7 17. c5 Qb4 18. Rc1 Qa4 19. Nfd2 Nf5 20. Ne4 Be7
21. Bd6 Bxd6 22. cxd6 Nfd4 23. Nxd4 Qxd4 24. Rfd1 Qe5 25. Rc5 Qd4 26. Bc4 1-0

[Event "Pohar mesta Ricany 2010 - cena Klidneho mesta"]
[Site "http://www.openricany.cz"]
[Date "2010.08.26"]
[Round "7.31"]
[White "Vorackova, Jarmila"]
[Black "Ruzicka, Vaclav sen."]
[Result "0-1"]
[WhiteElo "1932"]
[BlackElo "1682"]

1. d4 f5 2. c4 Nf6 3. Bg5 d6 4. e3 g6 5. Bxf6 exf6 6. Bd3 Bg7 7. Ne2 Be6 8. O-O
O-O 9. Nd2 c6 10. b4 Nd7 11. Qc2 d5 12. Nf4 Bf7 13. cxd5 cxd5 14. Be2 Rc8
15. Qb3 Nb6 16. Rac1 g5 17. Nd3 Nc4 18. Nb1 b5 19. Rfd1 f4 20. exf4 gxf4
21. Nxf4 Bh6 22. Qg3+ Kh8 23. Rc3 Rg8 24. Qf3 Qd6 25. Nh5 Bg5 26. Bd3 Rce8
27. a3 Nb2 28. Rdc1 Bxh5 29. Qxh5 Nxd3 30. Rf1 Nf4 31. Qf7 Ne2+ 32. Kh1 Nxc3
33. Nxc3 Re7 34. Qh5 a6 35. h4 Bd2 36. Nxd5 Reg7 37. g3 Rg6 38. Qf3 Re8 39. h5
Rg7 40. Ne3 Bxe3 41. fxe3 Rxg3 42. Qf5 Rg5 43. Qf3 f5 44. Qh3 Rf8 45. h6 Qg6
46. Rf4 Rh5 47. Rh4 Rxh4 48. Qxh4 Rg8 49. Qh2 Qc6+ 0-1

[Event "Pohar mesta Ricany 2010 - cena Klidneho mesta"]
[Site "http://www.openricany.cz"]
[Date "2010.08.26"]
[Round "7.2"]
[White "Haba, Zdenek"]
[Black "Sodoma, Jan"]
[Result "0-1"]
[WhiteElo "2252"]
[BlackElo "2364"]

1. e4 e5 2. Nf3 Nc6 3. Bb5 Nd4 4. Nxd4 exd4 5. O-O Bc5 6. d3 c6 7. Bc4 d5
8. exd5 cxd5 9. Bb5+ Bd7 10. Re1+ Ne7 11. Bxd7+ Qxd7 12. Bf4 O-O 13. Nd2 Rac8
14. Nb3 Bb6 15. Qd2 Nc6 16. c3 dxc3 17. bxc3 a5 18. a4 d4 19. c4 Nb4 20. c5 Bxc5
21. Nxa5 Nd5 22. Reb1 b6 23. Nc4 Qe7 24. h3 Ra8 25. Bg3 Nc3 26. Re1 Qd7 27. a5
bxa5 28. Rxa5 Rxa5 29. Nxa5 Bb4 30. Ra1 Re8 31. Qb2 Ne2+ 32. Kh2 Bc3 33. Qb1
Bxa1 34. Qxa1 Nxg3 35. fxg3 Qa7 36. Nb3 Qxa1 37. Nxa1 Re3 38. g4 Rxd3 0-1

[Event "Pohar mesta Ricany 2010 - cena Klidneho mesta"]
[Site "http://www.openricany.cz"]
[Date "2010.08.26"]
[Round "7.4"]
[White "Mejzlik, Ondrej"]
[Black "Rehorek, Martin"]
[Result "1-0"]
[WhiteElo "2225"]
[BlackElo "2280"]

1. c4 Nf6 2. Nc3 e6 3. e4 d5 4. cxd5 exd5 5. e5 Ne4 6. Nf3 Nxc3 7. bxc3 Be7
8. d4 c5 9. Bd3 Nc6 10. O-O Bg4 11. Be3 cxd4 12. cxd4 O-O 13. Qb1 Qd7 14. Bxh7+
Kh8 15. Bd3 Bxf3 16. Bf5 Qc7 17. gxf3 g6 18. Kh1 Rg8 19. Rg1 Rg7 20. Rg3 Bh4
21. Rh3 Qe7 22. Bg4 Rh7 23. f4 f5 24. Bf3 Rd8 25. Qb3 Qe6 26. Rg1 Na5 27. Qb1
Nc4 28. Qf1 b5 29. Qg2 Kg7 30. Rb1 Qc6 31. Be2 Rd7 32. Bd3 Rf7 33. Rg1 Rh6
34. a4 a6 35. axb5 axb5 36. Bc1 Kh7 37. Be2 Ra7 38. Bf3 Nb6 39. Be3 Ra2 40. Rxh4
Rxh4 41. Qg5 Rh6 42. Qe7+ Kg8 43. Qd8+ Kg7 44. Rc1 Rc2 45. Rxc2 Qxc2 46. Qxb6
Rh3 47. Qf6+ Kh7 48. Qf7+ Kh6 49. Qxd5 b4 50. Qg8 1-0

[Event "Pohar mesta Ricany 2010 - cena Klidneho mesta"]
[Site "http://www.openricany.cz"]
[Date "2010.08.26"]
[Round "7.25"]
[White "Zvara, David"]
[Black "Lexa, Vaclav"]
[Result "1-0"]
[WhiteElo "2010"]
[BlackElo "1909"]

1. e4 c5 2. Nf3 d6 3. Bb5+ Bd7 4. Bxd7+ Qxd7 5. O-O Nc6 6. c3 Nf6 7. Re1 e6
8. d4 cxd4 9. cxd4 d5 10. e5 Ne4 11. a3 Be7 12. Qd3 Rc8 13. Nbd2 Nxd2 14. Bxd2
O-O 15. b4 a6 16. Rec1 Rc7 17. Rc2 Rfc8 18. Rac1 Na7 19. Kf1 Rxc2 20. Rxc2 Rxc2
21. Qxc2 Nb5 22. Bc1 Qc7 23. Qxc7 Nxc7 24. Ke2 f6 25. Kd3 Na8 26. exf6 gxf6
27. Bf4 Nb6 28. Nd2 Na4 29. Bc7 Kf7 30. Kc2 Ke8 31. Kb3 b5 32. Kc2 Kd7 33. Ba5
Bd6 34. h3 e5 35. Nb3 h5 36. g4 hxg4 37. hxg4 Bb8 38. dxe5 Bxe5 39. Nd2 Bc7
40. Bxc7 Kxc7 41. Nb3 Kd6 42. f4 Nb6 43. Nc5 Nc4 44. Kb3 Nd2+ 45. Ka2 Nf3
46. Nxa6 d4 47. Nc5 Kd5 48. Kb2 Nh4 49. g5 f5 50. Kc2 Ng6 51. Nd3 Ke4 52. Kd2
Kd5 53. Kd1 Ke4 54. Ke2 Kd5 55. Kd2 Ke4 56. a4 bxa4 57. b5 Kd5 58. Kc2 Kd6 1-0

[Event "Pohar mesta Ricany 2010 - cena Klidneho mesta"]
[Site "http://www.openricany.cz"]
[Date "2010.08.26"]
[Round "7.1"]
[White "Kulhanek, Tomas"]
[Black "Vojta, Tomas"]
[Result "1-0"]
[WhiteElo "2411"]
[BlackElo "2380"]

1. e4 d5 2. exd5 Nf6 3. Bb5+ Nbd7 4. d4 Nxd5 5. Nf3 g6 6. O-O Bg7 7. Re1 O-O
8. Bc4 N5b6 9. Bf1 c5 10. Bg5 f6 11. Be3 cxd4 12. Nxd4 Ne5 13. c3 Ng4 14. Bc1
Qd6 15. g3 e5 16. Nc2 Qxd1 17. Rxd1 e4 18. Bf4 f5 19. Nba3 Be6 20. Nb5 Nd5
21. Bd6 Rfc8 22. c4 Bf7 23. Ba3 e3 24. f3 e2 25. Bxe2 Nge3 26. Nxe3 Nxe3 27. Rd7
Bxc4 28. Re1 Be6 29. Rxg7+ Kxg7 30. Bd3 Bxa2 31. Rxe3 Re8 32. Be7 Rec8 33. Kg2
Rc6 34. Ba3 a6 35. Nd6 b5 36. Re7+ Kg8 37. Nb7 Rac8 38. Bd6 Bf7 39. Bf4 Re6
40. Rd7 Be8 41. Rd4 Bc6 42. Nd8 Re7 43. Bg5 Ra7 44. Bf6 Kf8 45. b4 Ke8 46. Nxc6
Rxc6 47. Rd8+ Kf7 48. Bd4 Re7 49. Kf2 Rc1 50. g4 Rd1 51. Be3 Kg7 52. gxf5 gxf5
53. Rd6 Rh1 54. Bh6+ Kf7 55. Kg2 Ree1 56. Bxf5 Rhg1+ 57. Kh3 Re5 58. Bg4 Rb1
59. Bf4 Re2 60. Bh5+ Kg7 61. Bh6+ 1-0